[Event "III Weekend Accademia"]
[Site "Roma ITA"]
[Date "1998.??.??"]
[Round "1"]
[White "Satta, Vladimiro"]
[Black "Gardon, Ermanno"]
[Result "1-0"]
[WhiteElo "2230"]
[BlackElo "1818"]
[PlyCount "153"]
[EventDate "1998.??.??"]

1. g3 d5 2. Nf3 Nf6 3. Bg2 g6 4. b3 Bg7 5. Bb2 O-O 6. O-O c5 7. d4 Ne4 8. Nfd2
Nc6 9. Nxe4 dxe4 10. Nc3 Bxd4 11. Bxe4 Bh3 12. Re1 Rc8 13. e3 Bg7 14. Na4 Bxb2
15. Nxb2 Qc7 16. Nd3 b6 17. Nf4 Bd7 18. c4 e6 19. Ne2 Ne5 20. Nc3 Rfd8 21. f4
Bc6 22. Qe2 Bxe4 23. Nxe4 Nd7 24. Rad1 f5 25. Nd6 Ra8 26. e4 Nf6 27. e5 Ne8 28.
Qf3 Rab8 29. Nxe8 Rxe8 30. Rd6 Rbd8 31. Red1 Kf7 32. Kf1 Rxd6 33. exd6 Qd7 34.
Ke2 Kf6 35. Qc3+ Kf7 36. Qe5 Qd8 37. d7 Re7 38. Qd6 Kf6 39. Qc6 Rf7 40. Rd6 Kg7
41. Qb7 a6 42. Qc8 Rf8 43. Rxe6 Qxc8 44. dxc8=Q Rxc8 45. Rxb6 Rd8 46. Ke3 Re8+
47. Kf3 Rd8 48. Rxa6 Rd2 49. h3 Rb2 50. Rc6 Rxa2 51. Rxc5 Rc2 52. Re5 Rc3+ 53.
Re3 Rc2 54. Rd3 Kf6 55. Ke3 g5 56. Rd6+ Ke7 57. Rd2 Rc3+ 58. Rd3 gxf4+ 59. gxf4
Rc1 60. Kd4 Kd6 61. Rf3 Rd1+ 62. Kc3 Rc1+ 63. Kb2 Re1 64. b4 Re4 65. Kc3 Kc6
66. Kd3 Kb6 67. Re3 Rxf4 68. Re6+ Kc7 69. Rh6 Rf1 70. Rxh7+ Kc6 71. Rh6+ Kc7
72. Kd4 f4 73. Rf6 f3 74. Ke3 Re1+ 75. Kf2 Re4 76. Kxf3 Rxc4 77. Rf4 1-0

[Event "III Weekend Accademia"]
[Site "Roma ITA"]
[Date "1998.??.??"]
[Round "1"]
[White "Spaziani, Gianni"]
[Black "Vigile, Matteo"]
[Result "1-0"]
[WhiteElo "1689"]
[BlackElo "1774"]
[PlyCount "57"]
[EventDate "1998.??.??"]

1. d4 Nf6 2. c4 c5 3. e3 d5 4. Nc3 e6 5. Nf3 Nc6 6. Be2 Bd6 7. Nb5 Be7 8. O-O
O-O 9. b3 Ne4 10. Bb2 f5 11. dxc5 Bf6 12. Bxf6 Nxf6 13. cxd5 Nxd5 14. Bc4 b6
15. Bxd5 exd5 16. Nd6 Ne7 17. Nxc8 Rxc8 18. Nd4 Rf6 19. cxb6 Qxb6 20. Rc1 Rcf8
21. Qe2 Ng6 22. f4 Re8 23. Qd3 Ne7 24. Rc2 Nc6 25. Nxc6 Rxe3 26. Qxd5+ Rf7 27.
Kh1 Qa6 28. Qd1 Re4 29. Ne5 1-0

[Event "III Weekend Accademia"]
[Site "Roma ITA"]
[Date "1998.??.??"]
[Round "1"]
[White "Trebeschi, Andrea"]
[Black "Lantini, Marco"]
[Result "0-1"]
[WhiteElo "1759"]
[BlackElo "2180"]
[PlyCount "100"]
[EventDate "1998.??.??"]

1. e4 e5 2. Nf3 Nf6 3. Nc3 Bb4 4. d3 O-O 5. Bd2 Nc6 6. a3 Bxc3 7. Bxc3 Re8 8.
g3 d5 9. Qe2 dxe4 10. dxe4 Nd4 11. Qd3 c5 12. Bg2 Bd7 13. O-O Bb5 14. Qd1 Bxf1
15. Kxf1 Nxe4 16. Qd3 Nxc3 17. Qxc3 Qb6 18. Nd2 Rad8 19. Re1 Qa6+ 20. Nc4 b5
21. Nxe5 b4+ 22. Qd3 Qxd3+ 23. cxd3 bxa3 24. bxa3 Nc2 25. Rc1 Rxe5 26. Rxc2
Rxd3 27. f4 Re8 28. a4 Rc8 29. Ke2 Rd4 30. Ra2 a5 31. Bb7 Re8+ 32. Kf2 Red8 33.
Ke3 Rd3+ 34. Ke2 c4 35. Ba6 R3d4 36. Rc2 c3 37. Rxc3 Rxa4 38. h4 Rb4 39. Ra3 a4
40. Bd3 Rb3 41. Rxb3 axb3 42. Bb1 b2 43. Ke1 Rc8 44. Kd2 Rc1 45. Bc2 b1=Q 46.
Bxb1 Rxb1 47. Ke3 Rb4 48. Kf3 f5 49. g4 Rb3+ 50. Kg2 fxg4 0-1

[Event "III Weekend Accademia"]
[Site "Roma ITA"]
[Date "1998.??.??"]
[Round "1"]
[White "Turturici, Pellegrino"]
[Black "Ciampi, Vincenzo"]
[Result "0-1"]
[WhiteElo "1743"]
[BlackElo "2155"]
[PlyCount "53"]
[EventDate "1998.??.??"]

1. e4 g6 2. d4 Bg7 3. Nc3 c6 4. Bc4 d6 5. Bb3 Nf6 6. h3 O-O 7. Nf3 Qc7 8. O-O
e5 9. dxe5 dxe5 10. Bg5 Nbd7 11. Qe2 Nc5 12. Qc4 b6 13. Rfd1 a5 14. Qe2 a4 15.
Bc4 b5 16. Qe3 Ne6 17. Bxe6 Bxe6 18. a3 Rfb8 19. Rd2 Nd7 20. Be7 Bf8 21. Bxf8
Rxf8 22. Qh6 f6 23. Rad1 Nb6 24. Rd6 Rae8 25. Qc1 Kg7 26. b3 axb3 27. cxb3 0-1

[Event "III Weekend Accademia"]
[Site "Roma ITA"]
[Date "1998.??.??"]
[Round "1"]
[White "Vannelli, Vittorio"]
[Black "De Vita, Gianni"]
[Result "0-1"]
[WhiteElo "1735"]
[BlackElo "2160"]
[PlyCount "68"]
[EventDate "1998.??.??"]

1. e4 c5 2. Nf3 Nc6 3. d4 cxd4 4. Nxd4 e5 5. Nb3 Nf6 6. Bc4 a6 7. O-O b5 8. Bd5
Bb7 9. Bg5 h6 10. Bxf6 Qxf6 11. f4 exf4 12. a4 bxa4 13. Rxa4 Be7 14. e5 Qg5 15.
Raxf4 O-O 16. Rxf7 Rxf7 17. Bxf7+ Kh8 18. Qxd7 Na5 19. Qd2 Qg4 20. Nxa5 Rd8 21.
Qxd8+ Bxd8 22. Nxb7 Bb6+ 23. Kh1 Qe2 24. Rc1 Qxe5 25. Nc3 Qf4 26. Rd1 Qxf7 27.
Nd6 Qf2 28. h3 Qxc2 29. Nde4 Bc7 30. Ra1 Qxb2 31. Rd1 a5 32. Nd5 Qb3 33. Ndc3
Be5 34. Rd8+ Kh7 0-1

[Event "III Weekend Accademia"]
[Site "Roma ITA"]
[Date "1998.??.??"]
[Round "1"]
[White "Verrascina, Nicola"]
[Black "Simeone, Giulio"]
[Result "1/2-1/2"]
[WhiteElo "2145"]
[BlackElo "1717"]
[PlyCount "46"]
[EventDate "1998.??.??"]

1. e4 c6 2. d4 d5 3. e5 Bf5 4. Nf3 e6 5. Be2 Bg6 6. O-O Ne7 7. c4 dxc4 8. Bxc4
Nf5 9. Nc3 Be7 10. g4 Nh4 11. Nxh4 Bxh4 12. f4 Bc2 13. Qe2 b5 14. Nxb5 cxb5 15.
Bxb5+ Kf8 16. Qxc2 Qxd4+ 17. Kg2 Qd5+ 18. Kh3 Qxb5 19. Qc8+ Ke7 20. Qxh8 Qxf1+
21. Kxh4 Qf2+ 22. Kh3 Qf3+ 23. Kh4 Qf2+ 1/2-1/2

[Event "III Weekend Accademia"]
[Site "Roma ITA"]
[Date "1998.??.??"]
[Round "2"]
[White "Ciampi, Vincenzo"]
[Black "Naumkin, Igor"]
[Result "0-1"]
[WhiteElo "2155"]
[BlackElo "2435"]
[PlyCount "100"]
[EventDate "1998.??.??"]

1. e4 e6 2. d4 d5 3. Nc3 Bb4 4. a3 Bxc3+ 5. bxc3 dxe4 6. Qg4 Nf6 7. Qxg7 Rg8 8.
Qh6 c5 9. Ne2 Rg6 10. Qd2 Nbd7 11. dxc5 Qc7 12. Qd6 Qxc5 13. Qxc5 Nxc5 14. Be3
Na4 15. Nf4 Rg8 16. Bd4 Nd7 17. Bb5 Nab6 18. Nh5 Ke7 19. O-O-O Rg5 20. Be2 Ra5
21. c4 Na4 22. Ng3 Nac5 23. Bb2 b6 24. f3 Bb7 25. fxe4 Nxe4 26. Nxe4 Bxe4 27.
Bc3 Rg5 28. Bb4+ Nc5 29. Rd4 Bxg2 30. Rhd1 Bc6 31. Rh4 h5 32. Rd3 Rh8 33. Rg3
Rf5 34. Rgh3 a5 35. Bc3 Rg8 36. Rg3 Rxg3 37. hxg3 Bf3 38. Bxf3 Rxf3 39. Be5 Nd7
40. Bc7 Rxa3 41. Rxh5 Rc3 42. c5 bxc5 43. Kd2 Ra3 44. c3 a4 45. Kd3 Rb3 46. Kc4
Rb7 47. Bf4 a3 48. Rh1 a2 49. Ra1 Rb2 50. Be3 Kd6 0-1

[Event "III Weekend Accademia"]
[Site "Roma ITA"]
[Date "1998.??.??"]
[Round "2"]
[White "Coppini, Giorgio"]
[Black "Pagano, Sergio M."]
[Result "0-1"]
[WhiteElo "2195"]
[BlackElo "2200"]
[PlyCount "114"]
[EventDate "1998.??.??"]

1. e4 d6 2. d4 Nf6 3. Nc3 c6 4. g3 Nbd7 5. Bg2 e5 6. Nge2 Be7 7. h3 O-O 8. a4
a5 9. O-O Re8 10. Re1 Qc7 11. Kh2 h5 12. Kh1 Bf8 13. Be3 Nb6 14. b3 Bd7 15. Qd2
Rad8 16. Bg5 Be7 17. Rad1 Bc8 18. Qc1 Nbd7 19. Nb1 Nf8 20. Nd2 N8h7 21. Be3 h4
22. g4 exd4 23. Bxd4 d5 24. Qa1 Bb4 25. c3 Bf8 26. exd5 cxd5 27. Nf3 Bxg4 28.
hxg4 Nxg4 29. Bh3 Re4 30. Bxg4 Rxg4 31. Be5 Qc8 32. Ned4 Re8 33. Qb1 f6 34. Bh2
Ree4 35. Rxe4 dxe4 36. Nd2 Ng5 37. Re1 Qxc3 38. Rg1 Qh3 39. Nxe4 Nxe4 40. Rxg4
Nxf2+ 41. Kg1 Nxg4 42. Bf4 Bc5 43. Qe4 Bxd4+ 44. Qxd4 Ne5 45. Bxe5 fxe5 46.
Qd5+ Kh8 47. Qxb7 Qg4+ 48. Kf1 Kh7 49. Qc7 Qf3+ 50. Ke1 Qxb3 51. Qxa5 Qg3+ 52.
Ke2 h3 53. Qd5 h2 54. Qe4+ Kh6 55. a5 Qh3 56. Qh1 e4 57. Qc1+ Kh7 0-1

[Event "III Weekend Accademia"]
[Site "Roma ITA"]
[Date "1998.??.??"]
[Round "2"]
[White "Corvi, Marco"]
[Black "Chiaretti, Roberto"]
[Result "1/2-1/2"]
[WhiteElo "2320"]
[BlackElo "2180"]
[PlyCount "72"]
[EventDate "1998.??.??"]

1. d4 Nf6 2. c4 e6 3. Nc3 Bb4 4. Qc2 O-O 5. Bg5 b6 6. a3 Bxc3+ 7. Qxc3 Bb7 8.
Nf3 d6 9. e3 Nbd7 10. Be2 Rc8 11. Bh4 Qe8 12. O-O Ne4 13. Qe1 f5 14. Nd2 g5 15.
Nxe4 gxh4 16. Nc3 h3 17. f3 hxg2 18. Rf2 Kh8 19. Rxg2 Qe7 20. Qf2 Rg8 21. h3
Nf6 22. Kh2 Rxg2+ 23. Kxg2 f4 24. Rg1 Nh5 25. Kh1 Rf8 26. Rg4 e5 27. Qh4 Qf7
28. dxe5 dxe5 29. Qg5 fxe3 30. Qxe5+ Ng7 31. Qxe3 Bxf3+ 32. Bxf3 Qxf3+ 33. Qxf3
Rxf3 34. Nb5 Ne6 35. Nxa7 Rb3 36. Rg2 Nf4 1/2-1/2

[Event "III Weekend Accademia"]
[Site "Roma ITA"]
[Date "1998.??.??"]
[Round "2"]
[White "De Vita, Igor"]
[Black "Quimi, Marco"]
[Result "1/2-1/2"]
[WhiteElo "2125"]
[BlackElo "2225"]
[PlyCount "67"]
[EventDate "1998.??.??"]

1. e4 e5 2. Nf3 d6 3. Bc4 c6 4. d4 Nd7 5. Nc3 Be7 6. dxe5 dxe5 7. Ng5 Bxg5 8.
Qh5 g6 9. Qxg5 Qxg5 10. Bxg5 h6 11. Be3 Ngf6 12. f3 Nf8 13. Bc5 Nh5 14. Ne2 Be6
15. Bb3 b6 16. Bd6 Bxb3 17. axb3 Nd7 18. Ra6 f5 19. O-O Kf7 20. f4 exf4 21.
exf5 g5 22. Rfa1 Ng7 23. Rxa7 Rxa7 24. Rxa7 Nxf5 25. Bxf4 Ke6 26. Bd2 Re8 27.
Ra1 Nc5 28. Re1 Kd7 29. Bb4 Re5 30. Bxc5 bxc5 31. Rd1+ Kc7 32. Rd2 Ne3 33. Kf2
Ng4+ 34. Kg1 1/2-1/2

[Event "III Weekend Accademia"]
[Site "Roma ITA"]
[Date "1998.??.??"]
[Round "2"]
[White "Gardon, Ermanno"]
[Black "Occhipinti, Massimo"]
[Result "0-1"]
[WhiteElo "1818"]
[BlackElo "1704"]
[PlyCount "48"]
[EventDate "1998.??.??"]

1. e4 c5 2. Nf3 d6 3. d4 cxd4 4. Nxd4 Nf6 5. Nc3 a6 6. f4 e5 7. Nf3 Qc7 8. a4
Be6 9. Bd3 Nbd7 10. Qe2 Rc8 11. O-O Be7 12. Kh1 O-O 13. Be3 Rfe8 14. Nd2 Nb6
15. a5 Nc4 16. Nxc4 Bxc4 17. Bb6 Qc6 18. Ra4 Bxd3 19. cxd3 exf4 20. Rxf4 d5 21.
exd5 Nxd5 22. Rfc4 Nxc3 23. bxc3 Bc5 24. Re4 Qxa4 0-1

[Event "III Weekend Accademia"]
[Site "Roma ITA"]
[Date "1998.??.??"]
[Round "2"]
[White "Giorni, Moreno"]
[Black "Turturici, Pellegrino"]
[Result "1-0"]
[WhiteElo "1900"]
[BlackElo "1743"]
[PlyCount "51"]
[EventDate "1998.??.??"]

1. e4 c5 2. Nc3 Nc6 3. g3 Nf6 4. Bg2 e6 5. f4 d6 6. Nf3 Be7 7. O-O O-O 8. d3 a6
9. h3 Qc7 10. g4 g6 11. Be3 Rb8 12. Qe1 b5 13. f5 b4 14. Ne2 exf5 15. gxf5 Nh5
16. Nf4 Nxf4 17. Bxf4 Bf6 18. Bh6 Re8 19. Ng5 Bd4+ 20. Kh1 Ne5 21. f6 Bxb2 22.
Rb1 Bc3 23. Qh4 c4 24. Nxh7 Qc5 25. Ng5 Nd7 26. Bg7 1-0

[Event "III Weekend Accademia"]
[Site "Roma ITA"]
[Date "1998.??.??"]
[Round "2"]
[White "Guarnieri, Giuseppe"]
[Black "Campagna, Maurizio"]
[Result "0-1"]
[WhiteElo "1879"]
[BlackElo "1723"]
[PlyCount "98"]
[EventDate "1998.??.??"]

1. Nf3 e6 2. g3 d5 3. Bg2 Nf6 4. O-O Be7 5. d3 O-O 6. b3 b6 7. Bb2 Bb7 8. Nbd2
Nbd7 9. c4 c6 10. e4 Nc5 11. Qe2 dxe4 12. dxe4 Qd3 13. Qxd3 Nxd3 14. Bc3 Rad8
15. e5 Ng4 16. Bd4 c5 17. Bc3 Ba6 18. h3 Ngxe5 19. Bxe5 Nxe5 20. Nxe5 Rxd2 21.
Nc6 Bf6 22. Rad1 Rxa2 23. Rd7 Bc8 24. Rxa7 Rb2 25. Ra3 Rd2 26. Re1 Kh8 27. Ra8
Rd3 28. Rb8 Kg8 29. Rxb6 Rd6 30. Rb8 Bd7 31. Rxf8+ Kxf8 32. Ne5 Bc8 33. Ng4 Bc3
34. Rc1 Bd4 35. Nh2 Rb6 36. Rb1 e5 37. Be4 Bxh3 38. Nf3 Bc8 39. Nxd4 exd4 40.
Kf1 Bb7 41. Bc2 Bf3 42. Ke1 Re6+ 43. Kd2 Re2+ 44. Kd3 Rxc2 45. Kxc2 Be4+ 46.
Kb2 Bxb1 47. Kxb1 Ke7 48. Kc2 h5 49. Kd3 g5 0-1

[Event "III Weekend Accademia"]
[Site "Roma ITA"]
[Date "1998.??.??"]
[Round "2"]
[White "Iatrino, Vincenzo"]
[Black "Mogranzini, Roberto"]
[Result "1/2-1/2"]
[WhiteElo "1740"]
[BlackElo "1870"]
[PlyCount "77"]
[EventDate "1998.??.??"]

1. e4 c5 2. Nf3 d6 3. d4 cxd4 4. Nxd4 Nf6 5. Nc3 a6 6. Bg5 e6 7. f4 Be7 8. Qf3
Qc7 9. O-O-O h6 10. Bxf6 Bxf6 11. g4 Nc6 12. Nb3 b6 13. Bg2 Bb7 14. h4 O-O-O
15. g5 Be7 16. Qf2 Kb8 17. Bh3 hxg5 18. hxg5 g6 19. Bg2 Ka7 20. Nd4 Nxd4 21.
Qxd4 Rxh1 22. Rxh1 d5 23. e5 Bc5 24. Qd3 Bc6 25. Rh4 Rd7 26. Bf1 Qb7 27. Bg2 b5
28. Ne2 Qb6 29. Kb1 b4 30. Qh3 Bb5 31. Bf1 Be3 32. Qf3 Rc7 33. Rh2 Bc6 34. Qg3
Bb5 35. Qf3 d4 36. Nc1 Bxc1 37. Kxc1 Bxf1 38. Qxf1 d3 39. Rd2 1/2-1/2

[Event "III Weekend Accademia"]
[Site "Roma ITA"]
[Date "1998.??.??"]
[Round "2"]
[White "Lantini, Marco"]
[Black "Palamides, Carmine"]
[Result "1-0"]
[WhiteElo "2180"]
[BlackElo "1800"]
[PlyCount "83"]
[EventDate "1998.??.??"]

1. e4 c5 2. Nf3 e6 3. d4 cxd4 4. Nxd4 Nf6 5. Nc3 Bb4 6. Bd3 Nc6 7. Be3 Qa5 8.
O-O O-O 9. Nb3 Qe5 10. f4 Qc7 11. Ne2 Ng4 12. Qc1 a5 13. a4 b6 14. Kh1 Bb7 15.
Bg1 Rac8 16. Ng3 Be7 17. c3 Bh4 18. Qd1 Nh6 19. Ne2 f5 20. e5 Ne7 21. Ned4 Nf7
22. Be2 Nc6 23. Nb5 Qd8 24. Qd3 Nb8 25. Qe3 Bd5 26. Nd2 d6 27. c4 Bb7 28. exd6
Nxd6 29. Qxe6+ Nf7 30. Bf3 Re8 31. Qxf5 Rc5 32. Bxc5 Bc8 33. Qh5 bxc5 34. Bd5
g6 35. Bxf7+ Kxf7 36. Qxh7+ Kf8 37. Nf3 Bf6 38. Ne5 Bg7 39. Nxg6+ Kf7 40. Ne5+
Kf8 41. Rad1 Qe7 42. Ng6+ 1-0

[Event "III Weekend Accademia"]
[Site "Roma ITA"]
[Date "1998.??.??"]
[Round "2"]
[White "Marta, Daniele"]
[Black "Vannelli, Vittorio"]
[Result "1-0"]
[WhiteElo "1888"]
[BlackElo "1735"]
[PlyCount "105"]
[EventDate "1998.??.??"]

1. d4 Nf6 2. Nf3 d5 3. c4 e6 4. Nc3 Nbd7 5. Bg5 Be7 6. e3 O-O 7. Bd3 dxc4 8.
Bxc4 a6 9. a4 b6 10. O-O Bb7 11. Qe2 Nd5 12. Bxe7 Nxc3 13. Bxd8 Nxe2+ 14. Bxe2
Raxd8 15. Rfc1 c5 16. a5 Bxf3 17. gxf3 cxd4 18. axb6 Nxb6 19. Rxa6 Nd5 20. Ra3
Rb8 21. Rc2 e5 22. Ra5 Nb4 23. Rd2 d3 24. Bxd3 Rfd8 25. Ra3 Kf8 26. Rb3 Ke7 27.
Rd1 f5 28. Be2 Rdc8 29. Ra1 Rc2 30. Bd3 Nxd3 31. Rxb8 Nxf2 32. Rb6 Nh3+ 33. Kf1
Rc7 34. Raa6 Ng5 35. Kg2 f4 36. exf4 exf4 37. Rc6 Rd7 38. Rc2 h5 39. h4 Nh7 40.
Ra4 Kf6 41. Rxf4+ Ke5 42. Re4+ Kf5 43. Rc5+ Kg6 44. Kg3 Rd2 45. b4 Rb2 46. b5
Nf6 47. Re6 Kf7 48. Rec6 Rb3 49. Kf2 Ke7 50. b6 Kd7 51. Rc7+ Kd8 52. b7 Rb2+
53. Ke1 1-0

[Event "III Weekend Accademia"]
[Site "Roma ITA"]
[Date "1998.??.??"]
[Round "2"]
[White "Moroni, Marco"]
[Black "Barletta, Antonio"]
[Result "1/2-1/2"]
[WhiteElo "1731"]
[BlackElo "1866"]
[PlyCount "106"]
[EventDate "1998.??.??"]

1. e4 e5 2. Nf3 Nc6 3. Bc4 Nf6 4. Nc3 Bc5 5. O-O d6 6. a3 Bg4 7. Be2 h6 8. d3
Bb6 9. Na4 O-O 10. c3 d5 11. Qc2 Qe7 12. b4 dxe4 13. dxe4 Nh5 14. Nxb6 axb6 15.
h3 Bxf3 16. Bxf3 Nf4 17. Bxf4 exf4 18. Qd2 g5 19. Rfd1 Rfd8 20. Qe2 Ne5 21.
Rxd8+ Rxd8 22. Rd1 Rxd1+ 23. Qxd1 Qd7 24. Qxd7 Nxd7 25. Bg4 Ne5 26. Bc8 Nc4 27.
Bxb7 Nxa3 28. Ba6 Nb1 29. c4 Na3 30. c5 Nc2 31. cxb6 cxb6 32. b5 Kf8 33. Kf1
Ke7 34. Ke2 Kd6 35. Kd2 Nd4 36. Kd3 Kc5 37. e5 Nxb5 38. Ke4 Nd4 39. Bb7 b5 40.
Bd5 Ne6 41. Ba2 b4 42. Kf5 b3 43. Bxb3 Nd4+ 44. Kf6 Nxb3 45. Kxf7 Nd4 46. e6
Nf5 47. e7 Kd5 48. e8=N Ne3 49. Kg6 Nxg2 50. Kxh6 Ke4 51. Nf6+ Kf5 52. Nh7 g4
53. hxg4+ Kxg4 1/2-1/2

[Event "III Weekend Accademia"]
[Site "Roma ITA"]
[Date "1998.??.??"]
[Round "2"]
[White "Passerotti, Pierluigi"]
[Black "Marzano, Carlo"]
[Result "1-0"]
[WhiteElo "2305"]
[BlackElo "2185"]
[PlyCount "60"]
[EventDate "1998.??.??"]

1. d4 g6 2. e4 c6 3. c4 d5 4. exd5 cxd5 5. Nc3 Nf6 6. Nf3 Bg7 7. Be2 O-O 8. O-O
dxc4 9. Bxc4 b6 10. Ne5 Ba6 11. Bxa6 Nxa6 12. Re1 Nb4 13. Bg5 Nbd5 14. Bxf6
Bxf6 15. Nc6 Nxc3 16. bxc3 Qc7 17. Qf3 Rac8 18. d5 Rfe8 19. Rad1 Kg7 20. g3 h5
21. Rd3 b5 22. Rde3 h4 23. Qe2 e6 24. Qxb5 hxg3 25. hxg3 Rh8 26. c4 a6 27. Qb1
exd5 28. cxd5 Qd6 29. Qe4 Rce8 30. Qf3 Rc8 1-0

[Event "III Weekend Accademia"]
[Site "Roma ITA"]
[Date "1998.??.??"]
[Round "2"]
[White "Pezzaldi, Roberto"]
[Black "Trebeschi, Andrea"]
[Result "1-0"]
[WhiteElo "2095"]
[BlackElo "1759"]
[PlyCount "147"]
[EventDate "1998.??.??"]

1. c4 Nf6 2. Nf3 d6 3. g3 g6 4. b4 Bg7 5. Bb2 O-O 6. Bg2 c6 7. O-O Nbd7 8. Qb3
Qc7 9. d3 b6 10. b5 Bb7 11. bxc6 Bxc6 12. Nc3 Nc5 13. Qc2 Qd7 14. a4 a5 15.
Rfd1 Bb7 16. Rab1 Rab8 17. Ba1 Ba8 18. Rb2 Rfc8 19. Rdb1 Qd8 20. Nd2 Bxg2 21.
Kxg2 Nfd7 22. Rb5 e6 23. Qa2 Qc7 24. Nce4 Nxe4 25. Nxe4 f5 26. Ng5 Re8 27. Bxg7
Kxg7 28. Kg1 h6 29. Qb2+ e5 30. Nh3 Kh7 31. f4 e4 32. Rd5 exd3 33. exd3 Re6 34.
Nf2 Rbe8 35. Kf1 Qc6 36. Qb5 Qxb5 37. Rbxb5 Rb8 38. Rb1 Nc5 39. d4 Nxa4 40.
Rxa5 Nc3 41. Ra7+ Kg8 42. Rb2 Ne4 43. Ra6 Nxf2 44. Kxf2 Re4 45. c5 dxc5 46.
dxc5 b5 47. Rxg6+ Kf7 48. Rxh6 Re6 49. Rh7+ Kf6 50. c6 Kg6 51. Rb7 Rxb7 52.
cxb7 Rb6 53. Ke3 Rxb7 54. Kd4 Kh5 55. h3 Kg6 56. Rb3 Rd7+ 57. Kc5 Rh7 58. g4
fxg4 59. hxg4 Rf7 60. Rb4 Kf6 61. Rxb5 Kg7 62. Rb4 Rd7 63. Rd4 Re7 64. Kd5 Kf6
65. Rc4 Re1 66. Rc6+ Kg7 67. g5 Re2 68. f5 Rd2+ 69. Ke4 Re2+ 70. Kf3 Re1 71.
Rc7+ Kf8 72. Kg4 Rh1 73. g6 Rg1+ 74. Kf4 1-0

[Event "III Weekend Accademia"]
[Site "Roma ITA"]
[Date "1998.??.??"]
[Round "2"]
[White "Russi, Roberto"]
[Black "Piacentini, Carlo"]
[Result "1/2-1/2"]
[WhiteElo "1780"]
[BlackElo "1650"]
[PlyCount "136"]
[EventDate "1998.??.??"]

1. c4 Nf6 2. Nc3 g6 3. g3 d5 4. cxd5 Nxd5 5. Bg2 c6 6. Nf3 Bg7 7. Qb3 Nd7 8. d4
N7f6 9. O-O Qb6 10. Qxb6 Nxb6 11. e4 Be6 12. Rd1 Rd8 13. Bf4 Bg4 14. h3 Be6 15.
b3 h6 16. Rac1 O-O 17. g4 Rd7 18. Ne5 Rdd8 19. Ne2 Nfd7 20. Nc4 Bxc4 21. bxc4
c5 22. d5 g5 23. Bc7 Rc8 24. Bh2 Ne5 25. Bxe5 Bxe5 26. Ng3 e6 27. Nh5 Rcd8 28.
Rf1 Rd6 29. Kh1 Nd7 30. Rb1 Rb6 31. Bf3 Rxb1 32. Rxb1 Nb6 33. Be2 Rd8 34. a4
Rd7 35. a5 Na4 36. Rb3 Nc3 37. Bd3 Nd1 38. Kg2 Nb2 39. Kf3 Nxd3 40. Rxd3 Kf8
41. Rb3 Ke7 42. Ke3 Bd4+ 43. Ke2 Be5 44. Ke3 Bd4+ 45. Ke2 Be5 46. Kd3 Kd6 47.
Rb1 Kc7 48. Rf1 Kd6 49. f4 gxf4 50. Nxf4 Bxf4 51. Rxf4 Ke5 52. Ke3 f6 53. Rf2
Rg7 54. Rb2 exd5 55. exd5 h5 56. Rg2 h4 57. Rf2 Rg5 58. Rf4 f5 59. Kf3 b6 60.
axb6 axb6 61. Ke3 fxg4 62. Re4+ Kf5 63. hxg4+ Rxg4 64. Rxg4 Kxg4 65. d6 h3 66.
d7 h2 67. d8=Q h1=Q 68. Qg8+ Kf5 1/2-1/2

[Event "III Weekend Accademia"]
[Site "Roma ITA"]
[Date "1998.??.??"]
[Round "2"]
[White "Scacco, Mauro"]
[Black "Satta, Vladimiro"]
[Result "0-1"]
[WhiteElo "2050"]
[BlackElo "2230"]
[PlyCount "82"]
[EventDate "1998.??.??"]

1. e4 e6 2. d3 c5 3. Nf3 Nc6 4. g3 d5 5. Nbd2 g6 6. Bg2 Bg7 7. O-O Nge7 8. Re1
O-O 9. Nf1 b6 10. e5 Qc7 11. Bf4 d4 12. Qd2 Re8 13. Bh6 Bh8 14. h4 Bb7 15. Qe2
Nb4 16. N1h2 Nf5 17. Bg5 h6 18. Bf4 Nd5 19. Bd2 Bg7 20. Bh3 Nfe7 21. c4 dxc3
22. bxc3 Nc6 23. c4 Nde7 24. Bf4 Rad8 25. Qe3 Kh7 26. h5 Nb4 27. Bg5 Rxd3 28.
Qf4 Nf5 29. g4 Nd4 30. Bg2 Nxf3+ 31. Nxf3 Bxf3 32. Bf6 Bxg2 33. Bxg7 Kxg7 34.
Qf6+ Kh7 35. Kxg2 Qb7+ 36. f3 Nc2 37. Rh1 Nxa1 38. g5 Qxf3+ 39. Qxf3 Rxf3 40.
Kxf3 Nc2 41. Kg4 hxg5 0-1

[Event "III Weekend Accademia"]
[Site "Roma ITA"]
[Date "1998.??.??"]
[Round "2"]
[White "Scagliarini, Bruno"]
[Black "Gullotto, Vincenzo"]
[Result "1-0"]
[WhiteElo "1758"]
[BlackElo "1900"]
[PlyCount "101"]
[EventDate "1998.??.??"]

1. c4 f5 2. g3 Nf6 3. Bg2 g6 4. Nc3 Bg7 5. d4 d6 6. Nf3 O-O 7. O-O Nc6 8. d5
Ne5 9. b3 Ne4 10. Nxe4 Nxf3+ 11. exf3 fxe4 12. Bg5 h6 13. Be3 exf3 14. Bxf3
Bxa1 15. Qxa1 Rxf3 16. Bxh6 Rf7 17. Re1 Rh7 18. Qc1 Bf5 19. Qg5 Qe8 20. Qf4 Qf7
21. Bg5 e5 22. dxe6 Bxe6 23. Qe4 Re8 24. Qxb7 Rxh2 25. Qxa7 Rh5 26. f4 Bd7 27.
Rxe8+ Qxe8 28. Qf2 Bc6 29. Bh4 Qe4 30. Kf1 Qb1+ 31. Qe1 Bg2+ 32. Kf2 Qxa2+ 33.
Kg1 Bc6 34. Qe6+ Kh7 35. Qf7+ Kh6 36. Qf8+ Kh7 37. Qe7+ Kg8 38. Qd8+ Kf7 39.
Qf6+ Kg8 40. Qxg6+ Kf8 41. Qf6+ Kg8 42. Qd8+ Kf7 43. Qxc7+ Ke6 44. Qe7+ Kf5 45.
Qf7+ Ke4 46. Qxh5 Qb1+ 47. Kf2 Qxb3 48. Qe2+ Kf5 49. Qh5+ Ke4 50. Qg6+ Kd4 51.
Qxd6+ 1-0

[Event "III Weekend Accademia"]
[Site "Roma ITA"]
[Date "1998.??.??"]
[Round "2"]
[White "Sibilio, Mario"]
[Black "Monteleone, Antonio"]
[Result "1-0"]
[WhiteElo "2330"]
[BlackElo "2165"]
[PlyCount "59"]
[EventDate "1998.??.??"]

1. Nf3 d5 2. g3 Nf6 3. Bg2 c6 4. O-O Bg4 5. Ne5 Bh5 6. d4 e6 7. c4 Nbd7 8. cxd5
exd5 9. Nc3 Nxe5 10. dxe5 Nd7 11. h3 g5 12. g4 Bg6 13. e4 d4 14. Qxd4 Bc5 15.
Qd2 h6 16. e6 fxe6 17. b4 Be7 18. Qb2 Bf6 19. Be3 Qe7 20. Rad1 O-O 21. Qb3 Rf7
22. Ne2 Raf8 23. f4 Bg7 24. f5 exf5 25. exf5 Bh7 26. Nd4 Re8 27. Ne6 Nf8 28.
Bc5 Qf6 29. Nxg7 Qxg7 30. Bd4 1-0

[Event "III Weekend Accademia"]
[Site "Roma ITA"]
[Date "1998.??.??"]
[Round "2"]
[White "Simeone, Giulio"]
[Black "Mastroddi, Fabio"]
[Result "1/2-1/2"]
[WhiteElo "1717"]
[BlackElo "1870"]
[PlyCount "53"]
[EventDate "1998.??.??"]

1. c4 Nf6 2. Nc3 g6 3. e4 d6 4. d4 Bg7 5. f3 O-O 6. Be3 e5 7. d5 Qe7 8. Qd2
Nbd7 9. Bd3 a6 10. Nge2 c5 11. O-O Ne8 12. a3 f5 13. exf5 gxf5 14. Bg5 Bf6 15.
Bh6 Bg7 16. Ng3 Bxh6 17. Qxh6 Ng7 18. b4 cxb4 19. axb4 Kh8 20. Nd1 Nf6 21. Qd2
Bd7 22. Ne3 f4 23. Nef5 Nxf5 24. Nxf5 Bxf5 25. Bxf5 Nxd5 26. Qxd5 Rxf5 27. Rfd1
1/2-1/2

[Event "III Weekend Accademia"]
[Site "Roma ITA"]
[Date "1998.??.??"]
[Round "2"]
[White "Spano' Cuomo, Gaetano"]
[Black "De Blasio, Alessandro"]
[Result "1/2-1/2"]
[WhiteElo "1866"]
[BlackElo "1714"]
[PlyCount "42"]
[EventDate "1998.??.??"]

1. d4 d5 2. Nf3 Nf6 3. e3 Bf5 4. Bd3 Bxd3 5. cxd3 e6 6. O-O c5 7. dxc5 Bxc5 8.
Nc3 Nc6 9. b3 d4 10. Na4 Be7 11. e4 e5 12. Nb2 O-O 13. a4 Nd7 14. Nc4 f6 15.
Nh4 Nb4 16. Nf5 Rf7 17. f4 b6 18. Ba3 a5 19. fxe5 Nxe5 20. Nxe5 fxe5 21. Nxe7+
Qxe7 1/2-1/2

[Event "III Weekend Accademia"]
[Site "Roma ITA"]
[Date "1998.??.??"]
[Round "2"]
[White "Teodorescu, Florin Cornel"]
[Black "Ferri, Stefano"]
[Result "1-0"]
[WhiteElo "2235"]
[BlackElo "1933"]
[PlyCount "71"]
[EventDate "1998.??.??"]

1. e4 c5 2. Nf3 Nf6 3. d3 e6 4. Be2 Qc7 5. O-O Nc6 6. Re1 Be7 7. Bf1 O-O 8. Bg5
d5 9. e5 Nd7 10. Bxe7 Nxe7 11. c3 d4 12. Na3 Nc6 13. cxd4 cxd4 14. Rc1 a6 15.
g3 Qb8 16. Qe2 Rd8 17. Bg2 Nf8 18. Nc4 Ng6 19. Qe4 Ra7 20. Nb6 Bd7 21. h4 Be8
22. h5 Nf8 23. h6 Qc7 24. hxg7 Kxg7 25. Nc4 Qe7 26. Nd6 Ng6 27. Nxd4 Kg8 28. f4
f5 29. Nxc6 bxc6 30. Qc4 Bd7 31. Nxf5 Qf8 32. Nd6 Kh8 33. f5 exf5 34. Nf7+ Kg7
35. Nxd8 Qxd8 36. Qd4 1-0